[Event "Albacete op"]
[Site "Albacete ESP"]
[Date "2005.09.04"]
[Round "5"]
[White "Castellanos, Renier"]
[Black "Oratovsky, Michael"]
[Result "1/2-1/2"]
[WhiteElo "2442"]
[BlackElo "2529"]
[PlyCount "30"]
[EventDate "2005.09.01"]
[EventType "swiss"]
[EventRounds "9"]
[EventCountry "ESP"]

1. e4 c5 2. Nf3 d6 3. Bb5+ Bd7 4. Bxd7+ Qxd7 5. O-O Nf6 6. Re1 Nc6 7. c3 e6 8.
d4 cxd4 9. cxd4 d5 10. e5 Ne4 11. Nbd2 Nxd2 12. Bxd2 Be7 13. Rc1 O-O 14. Rc3
Rfc8 15. a3 Qd8 1/2-1/2

[Event "Albacete op"]
[Site "Albacete ESP"]
[Date "2005.09.04"]
[Round "6"]
[White "Zambrana, Oswaldo"]
[Black "Castellanos, Renier"]
[Result "0-1"]
[WhiteElo "2421"]
[BlackElo "2442"]
[PlyCount "83"]
[EventDate "2005.09.01"]
[EventType "swiss"]
[EventRounds "9"]
[EventCountry "ESP"]

1. e4 c5 2. Nf3 d6 3. d4 cxd4 4. Nxd4 Nf6 5. Nc3 a6 6. Bc4 e6 7. Bb3 b5 8. Bg5
Bb7 9. O-O Nc6 10. Re1 Be7 11. a4 O-O 12. axb5 Nxd4 13. Qxd4 axb5 14. f3 Bc6
15. Kh1 Qc7 16. Na2 Bb7 17. c3 Rfd8 18. Nb4 Qc5 19. Qd2 Rxa1 20. Rxa1 Nxe4 21.
fxe4 Bxg5 22. Qe2 Ra8 23. Re1 Bf6 24. Bc2 h5 25. Bd3 h4 26. Bxb5 h3 27. Bd3
hxg2+ 28. Qxg2 Kf8 29. Be2 Qe3 30. Rf1 Bxe4 31. Bf3 Ra1 32. Bxe4 Rxf1+ 33. Qxf1
Qxe4+ 34. Kg1 d5 35. Qd3 Qg4+ 36. Kf1 Qf4+ 37. Kg2 Be5 38. Qh3 Qd2+ 39. Kf3
Bxc3 40. Qh8+ Ke7 41. Nc6+ Kd6 42. bxc3 0-1

[Event "Albacete op"]
[Site "Albacete ESP"]
[Date "2005.09.05"]
[Round "7"]
[White "Castellanos, Renier"]
[Black "Rivas Pastor, Manuel"]
[Result "1-0"]
[WhiteElo "2442"]
[BlackElo "2445"]
[PlyCount "61"]
[EventDate "2005.09.01"]
[EventType "swiss"]
[EventRounds "9"]
[EventCountry "ESP"]

1. e4 c5 2. Nf3 d6 3. d4 cxd4 4. Nxd4 Nf6 5. Nc3 a6 6. Bg5 e6 7. f4 Be7 8. Qf3
Qc7 9. O-O-O Nbd7 10. g4 b5 11. Bxf6 gxf6 12. f5 Ne5 13. Qh3 O-O 14. Rg1 Kh8
15. Rg3 Rg8 16. Kb1 Bd7 17. Nce2 Rg5 18. Nf4 Qc8 19. Be2 Ra7 20. Qh6 Qg8 21.
Nh5 Bc8 22. h4 Rxh5 23. Qxh5 d5 24. exd5 exd5 25. g5 fxg5 26. hxg5 Bc5 27. Qh4
Re7 28. Rf1 Nc4 29. Bxc4 bxc4 30. g6 fxg6 31. fxg6 1-0

[Event "Albacete op"]
[Site "Albacete ESP"]
[Date "2005.09.06"]
[Round "8"]
[White "Mateo, Ramon"]
[Black "Castellanos, Renier"]
[Result "0-1"]
[WhiteElo "2434"]
[BlackElo "2442"]
[PlyCount "58"]
[EventDate "2005.09.01"]
[EventType "swiss"]
[EventRounds "9"]
[EventCountry "ESP"]

1. e4 c5 2. Nf3 d6 3. d4 cxd4 4. Nxd4 Nf6 5. Nc3 a6 6. Bc4 e6 7. Bb3 b5 8. Bg5
Bb7 9. O-O Nc6 10. a4 b4 11. Nxc6 Bxc6 12. Nd5 exd5 13. exd5 Bd7 14. Re1+ Be7
15. Bxf6 gxf6 16. Qe2 Kf8 17. a5 Bf5 18. Ra4 Bg6 19. Rxb4 f5 20. Rb6 Bf6 21. c4
Rb8 22. c5 dxc5 23. Qxa6 Rxb6 24. axb6 Kg7 25. Qb5 Qd6 26. Qc6 Be5 27. g3 f4
28. Rc1 fxg3 29. hxg3 Bxg3 0-1

[Event "Albacete op"]
[Site "Albacete ESP"]
[Date "2005.09.07"]
[Round "9"]
[White "Suba, Mihai"]
[Black "Castellanos, Renier"]
[Result "1/2-1/2"]
[WhiteElo "2520"]
[BlackElo "2442"]
[PlyCount "82"]
[EventDate "2005.09.01"]
[EventType "swiss"]
[EventRounds "9"]
[EventCountry "ESP"]

1. c4 e5 2. g3 Nf6 3. Bg2 Nc6 4. Nc3 Bc5 5. a3 a6 6. e3 d6 7. Nge2 O-O 8. O-O
Re8 9. h3 Ba7 10. Qc2 Rb8 11. b4 Ne7 12. d4 exd4 13. exd4 d5 14. Bg5 Bf5 15.
Qa2 dxc4 16. Bxf6 gxf6 17. Qxc4 Bg6 18. Rad1 Nf5 19. d5 Nd6 20. Qf4 Qe7 21. Qc1
a5 22. Rfe1 axb4 23. axb4 f5 24. Nd4 Qf6 25. Rxe8+ Rxe8 26. Qf4 Qe5 27. Qxe5
Rxe5 28. Ndb5 Nxb5 29. Nxb5 Bb6 30. Bf3 f4 31. gxf4 Rf5 32. Kg2 Rxf4 33. d6 c6
34. d7 cxb5 35. d8=Q+ Bxd8 36. Rxd8+ Kg7 37. Rb8 Rxb4 38. Rxb7 Rb2 39. Kg3 Rb3
40. Kf4 Rb4+ 41. Kg3 Rb3 1/2-1/2

[Event "Balaguer op"]
[Site "Balaguer ESP"]
[Date "2005.07.19"]
[Round "2"]
[White "Fernandez Lezama, Luis"]
[Black "Castellanos, Renier"]
[Result "0-1"]
[WhiteElo "2115"]
[BlackElo "2442"]
[PlyCount "102"]
[EventDate "2005.07.18"]
[EventType "swiss"]
[EventRounds "9"]
[EventCountry "ESP"]
[Source "ChessBase"]
[SourceDate "2005.01.01"]

1. e4 c5 2. Nf3 d6 3. Bb5+ Bd7 4. Bxd7+ Nxd7 5. c4 Ngf6 6. Nc3 a6 7. O-O Rc8 8.
Re1 e6 9. b3 Be7 10. d4 cxd4 11. Qxd4 O-O 12. Bb2 Qa5 13. Qd2 Qc7 14. Rad1 Rfd8
15. Nd4 Bf8 16. Re3 Nc5 17. Qe2 d5 18. cxd5 exd5 19. e5 Nfe4 20. b4 Ne6 21.
Nxe6 fxe6 22. Nxe4 dxe4 23. Rxd8 Qxd8 24. Rxe4 Qd5 25. h3 Qxa2 26. Qg4 Rc2 27.
Bd4 Bxb4 28. Kh2 Qd5 29. Be3 Bf8 30. Qf4 Bc5 31. Bxc5 Qxc5 32. Rd4 Qe7 33. Rd6
Rc6 34. Rd4 h6 35. Qd2 Qg5 36. f4 Qf5 37. Qf2 Rc7 38. Qg3 Rf7 39. Qe3 h5 40.
Qg3 Kh7 41. Qh4 Rc7 42. Qg3 b5 43. Qe3 Rc4 44. g4 Qc2+ 45. Rd2 Qe4 46. Qxe4+
Rxe4 47. Kg3 hxg4 48. hxg4 a5 49. Kf3 Re1 50. Kf2 Rc1 51. f5 Rc5 0-1

[Event "Balaguer op"]
[Site "Balaguer ESP"]
[Date "2005.07.20"]
[Round "3"]
[White "Castellanos, Renier"]
[Black "Baches Garcia, Guillermo"]
[Result "1/2-1/2"]
[WhiteElo "2442"]
[BlackElo "2355"]
[PlyCount "38"]
[EventDate "2005.07.18"]
[EventType "swiss"]
[EventRounds "9"]
[EventCountry "ESP"]
[Source "ChessBase"]
[SourceDate "2005.01.01"]

1. e4 c5 2. Nf3 g6 3. d4 cxd4 4. Nxd4 Bg7 5. c4 Nc6 6. Be3 Nf6 7. Nc3 d6 8. Be2
O-O 9. O-O Bd7 10. Qd2 Nxd4 11. Bxd4 Bc6 12. f3 a5 13. b3 Nd7 14. Be3 Nc5 15.
Rac1 Qb6 16. Nb5 Rfc8 17. Rfd1 Qd8 18. Kh1 h5 19. Bf1 Kh7 1/2-1/2

[Event "Balaguer op"]
[Site "Balaguer ESP"]
[Date "2005.07.21"]
[Round "4"]
[White "Horvath, Adam"]
[Black "Castellanos, Renier"]
[Result "1-0"]
[WhiteElo "2545"]
[BlackElo "2442"]
[PlyCount "121"]
[EventDate "2005.07.18"]
[EventType "swiss"]
[EventRounds "9"]
[EventCountry "ESP"]
[Source "ChessBase"]
[SourceDate "2005.01.01"]

1. e4 c5 2. Nf3 d6 3. d4 cxd4 4. Nxd4 Nf6 5. Nc3 a6 6. Be3 e6 7. f3 b5 8. g4 h6
9. Qd2 b4 10. Nce2 e5 11. Nf5 d5 12. exd5 Qxd5 13. O-O-O Bb7 14. Bg2 Nbd7 15.
Qxd5 Bxd5 16. h4 g6 17. Nxh6 Bxh6 18. g5 Bg7 19. gxf6 Nxf6 20. Ng3 Rc8 21. Kb1
Be6 22. Rd6 a5 23. Bg5 Nh5 24. Rhd1 O-O 25. Ne4 Bf5 26. Bf1 Nf4 27. Bb5 Rb8 28.
Bc4 Ne6 29. Bxe6 fxe6 30. b3 a4 31. bxa4 Ra8 32. Rb6 Rxa4 33. Rb7 Bxe4 34. fxe4
Rfa8 35. Rd8+ Rxd8 36. Bxd8 Bf8 37. Bf6 Ra5 38. Rb8 Kf7 39. Bg5 Ra3 40. Rb7+
Kg8 41. Bd2 Rh3 42. Bxb4 Bxb4 43. Rxb4 Rxh4 44. a4 Kf7 45. a5 Rh8 46. Rb7+ Kf6
47. a6 g5 48. a7 Ra8 49. Kc1 g4 50. Kd2 Kg5 51. Ke3 g3 52. Kf3 g2 53. Kxg2 Kf4
54. c4 Kxe4 55. Rd7 Kf4 56. c5 e4 57. Kf2 Rh8 58. Rh7 Rg8 59. Rf7+ Ke5 60. Rb7
Ra8 61. c6 1-0

[Event "Balaguer op"]
[Site "Balaguer ESP"]
[Date "2005.07.22"]
[Round "5"]
[White "Castellanos, Renier"]
[Black "Codina Garcia, Josep"]
[Result "1-0"]
[WhiteElo "2442"]
[BlackElo "2281"]
[PlyCount "47"]
[EventDate "2005.07.18"]
[EventType "swiss"]
[EventRounds "9"]
[EventCountry "ESP"]
[Source "ChessBase"]
[SourceDate "2005.01.01"]

1. e4 c6 2. d4 d5 3. e5 Bf5 4. Nf3 e6 5. Be2 Ne7 6. O-O Nd7 7. Nh4 Bg6 8. Nd2
c5 9. c3 cxd4 10. cxd4 Nc6 11. Nxg6 hxg6 12. Nf3 Be7 13. g3 Qb6 14. Rb1 a5 15.
h4 Ndb8 16. Be3 Na6 17. Kg2 O-O-O 18. a3 Kb8 19. Qa4 Rc8 20. Bd2 Bd8 21. b4
axb4 22. axb4 Ne7 23. b5 Nc7 24. Ba5 1-0

[Event "Balaguer op"]
[Site "Balaguer ESP"]
[Date "2005.07.23"]
[Round "6"]
[White "Ramon Perez, Jose Luis"]
[Black "Castellanos, Renier"]
[Result "0-1"]
[WhiteElo "2277"]
[BlackElo "2442"]
[PlyCount "74"]
[EventDate "2005.07.18"]
[EventType "swiss"]
[EventRounds "9"]
[EventCountry "ESP"]
[Source "ChessBase"]
[SourceDate "2005.01.01"]

1. e4 c5 2. Nf3 d6 3. d4 cxd4 4. Nxd4 Nf6 5. Nc3 a6 6. Bg5 e6 7. f4 Qc7 8. Qf3
b5 9. f5 b4 10. Ncb5 axb5 11. Bxb5+ Bd7 12. fxe6 Bxb5 13. Nxb5 Qc5 14. Bxf6
fxe6 15. Nd4 gxf6 16. Nxe6 Qc4 17. Nf4 Nd7 18. Nd5 Kd8 19. b3 Qc5 20. c3 bxc3
21. b4 Qc4 22. Ne3 Qd4 23. Rd1 Qxb4 24. O-O Bh6 25. e5 Bxe3+ 26. Kh1 Ra6 27.
Qxe3 fxe5 28. Rc1 Rg8 29. Rxc3 Rxa2 30. Rg1 Qg4 31. h3 Qe2 32. Qh6 Rxg2 33.
Qh4+ Ke8 34. Rc8+ Kf7 35. Qxh7+ Ke6 36. Re8+ Kd5 37. Qf7+ Kd4 0-1

[Event "Balaguer op"]
[Site "Balaguer ESP"]
[Date "2005.07.24"]
[Round "7"]
[White "Castellanos, Renier"]
[Black "Ermenkov, Evgenij"]
[Result "1/2-1/2"]
[WhiteElo "2442"]
[BlackElo "2478"]
[PlyCount "97"]
[EventDate "2005.07.18"]
[EventType "swiss"]
[EventRounds "9"]
[EventCountry "ESP"]
[Source "ChessBase"]
[SourceDate "2005.01.01"]

1. e4 e5 2. Nf3 Nc6 3. Bb5 a6 4. Ba4 Nf6 5. O-O Be7 6. Re1 b5 7. Bb3 d6 8. c3
O-O 9. h3 Na5 10. Bc2 c5 11. d4 Qc7 12. Nbd2 Rd8 13. b3 Bd7 14. d5 Nb7 15. Nf1
c4 16. b4 a5 17. a3 axb4 18. cxb4 Ra6 19. g4 h5 20. N3h2 hxg4 21. hxg4 Nh7 22.
Re3 g6 23. Rg3 Bg5 24. Bxg5 Nxg5 25. Qd2 f6 26. Nf3 Nh7 27. g5 Rf8 28. gxf6
Rxf6 29. Qh6 Be8 30. Ng5 Nd8 31. Ne3 Qg7 32. Qxh7+ Qxh7 33. Nxh7 Kxh7 34. a4
bxa4 35. Nxc4 Rf4 36. Na5 Rb6 37. Rb1 Nf7 38. Kg2 Bb5 39. Ra1 Kg7 40. f3 Kf6
41. Bxa4 Be2 42. Nc6 Ng5 43. Bd1 Bb5 44. Rc1 Ra6 45. Na5 Ra8 46. Bb3 Be2 47.
Bd1 Bb5 48. Bb3 Be2 49. Bd1 1/2-1/2

[Event "Balaguer op"]
[Site "Balaguer ESP"]
[Date "2005.07.25"]
[Round "8"]
[White "Oms Pallise, Josep"]
[Black "Castellanos, Renier"]
[Result "1/2-1/2"]
[WhiteElo "2476"]
[BlackElo "2442"]
[PlyCount "74"]
[EventDate "2005.07.18"]
[EventType "swiss"]
[EventRounds "9"]
[EventCountry "ESP"]
[Source "ChessBase"]
[SourceDate "2005.01.01"]

1. d4 Nf6 2. c4 e6 3. g3 c5 4. d5 d6 5. Bg2 exd5 6. cxd5 g6 7. Nc3 Bg7 8. Nf3
O-O 9. O-O Re8 10. Nd2 a6 11. a4 Nbd7 12. Ra2 Rb8 13. a5 b5 14. axb6 Nxb6 15.
b3 Nfd7 16. Bb2 Ne5 17. h3 f5 18. Re1 g5 19. f4 gxf4 20. gxf4 Ng6 21. e3 Rb7
22. Nf3 Nh4 23. Nxh4 Qxh4 24. Qd2 Nd7 25. Na4 Nf6 26. Bc3 Rxb3 27. Raa1 Bd7 28.
Re2 Bxa4 29. Rxa4 Rb1+ 30. Re1 Ne4 31. Bxe4 Qg3+ 32. Kf1 Bxc3 33. Qxc3 Rxe4 34.
Rxb1 Qf3+ 35. Kg1 Qg3+ 36. Kf1 Qf3+ 37. Kg1 Qg3+ 1/2-1/2

[Event "ESP-Tch"]
[Site "Ciudad Real ESP"]
[Date "2004.08.24"]
[Round "2"]
[White "De la Riva Aguado, Oscar"]
[Black "Castellanos, Renier"]
[Result "1/2-1/2"]
[WhiteElo "2552"]
[BlackElo "2439"]
[PlyCount "29"]
[EventDate "2004.08.23"]
[EventType "team"]
[EventRounds "6"]
[EventCountry "ESP"]
[Source "ChessBase"]
[SourceDate "2004.11.03"]

1. e4 c5 2. Nf3 d6 3. d4 cxd4 4. Nxd4 Nf6 5. Nc3 a6 6. Be3 e5 7. Nf3 Be7 8. Bc4
O-O 9. O-O Be6 10. Bb3 Qc7 11. Qe2 Rc8 12. Rfd1 b5 13. a3 Nbd7 14. Nd2 h6 15.
Nf1 1/2-1/2

[Event "ESP-Tch"]
[Site "Ciudad Real ESP"]
[Date "2004.08.25"]
[Round "3"]
[White "Castellanos, Renier"]
[Black "Macieja, Bartlomiej"]
[Result "1/2-1/2"]
[WhiteElo "2439"]
[BlackElo "2633"]
[PlyCount "141"]
[EventDate "2004.08.23"]
[EventType "team"]
[EventRounds "6"]
[EventCountry "ESP"]
[Source "ChessBase"]
[SourceDate "2004.11.03"]

1. e4 c6 2. d4 d5 3. e5 Bf5 4. Be3 e6 5. Nd2 Nd7 6. Ngf3 Ne7 7. Be2 c5 8. c4
dxc4 9. Nxc4 Nd5 10. Bg5 Qb8 11. O-O h6 12. Bd2 Be7 13. dxc5 Nxc5 14. Ne3 Be4
15. Bb5+ Kf8 16. b4 Na6 17. Nxd5 Bxd5 18. a3 g6 19. Qe2 Kg7 20. Bc4 Bxc4 21.
Qxc4 Nc7 22. h4 Nd5 23. Qe4 h5 24. Bg5 Qd8 25. Rac1 Bxg5 26. Nxg5 Rc8 27. Qf3
Qe7 28. g3 Rc7 29. Ne4 Rhc8 30. Rcd1 Rc2 31. Rd3 Rc1 32. Rxc1 Rxc1+ 33. Kg2 Re1
34. Rd1 Rxe4 35. Qxe4 Nc3 36. Qd3 Nxd1 37. Qxd1 Qc7 38. Qd4 Qc6+ 39. Kh2 a6 40.
Qf4 Kg8 41. Qe3 Kf8 42. Kg1 Ke8 43. Qa7 Kf8 44. Qb8+ Kg7 45. Qa7 Qe4 46. Qc5
Qd3 47. Qc1 Qd4 48. Qc7 b5 49. Qa5 Qxe5 50. Qxa6 Qe1+ 51. Kg2 Qe4+ 52. Kg1 Qd5
53. Qb6 e5 54. Qa6 Qd7 55. Qb6 f6 56. Qe3 Qd1+ 57. Kg2 Qd5+ 58. Kg1 Kf7 59. Qb6
Qd7 60. Qa6 Kg7 61. Qb6 Qd1+ 62. Kg2 Qd5+ 63. Kg1 g5 64. hxg5 fxg5 65. Qc7+ Kf6
66. Qc8 e4 67. Qh8+ Kg6 68. Qe8+ Kh6 69. Qh8+ Kg6 70. Qe8+ Kh6 71. Qh8+ 1/2-1/2

[Event "ESP-Tch"]
[Site "Ciudad Real ESP"]
[Date "2004.08.26"]
[Round "4.5"]
[White "Castellanos, Renier"]
[Black "Ibarra Jerez, Jose Carlos"]
[Result "1/2-1/2"]
[WhiteElo "2439"]
[BlackElo "2437"]
[PlyCount "38"]
[EventDate "2004.08.23"]
[EventType "team"]
[EventRounds "6"]
[EventCountry "ESP"]

1. e4 e6 2. d4 d5 3. Nc3 Bb4 4. e5 c5 5. a3 Ba5 6. b4 cxd4 7. Qg4 Ne7 8. bxa5
dxc3 9. Qxg7 Rg8 10. Qxh7 Nbc6 11. Nf3 Qc7 12. Bf4 Bd7 13. Bg3 O-O-O 14. Bd3
Qxa5 15. O-O Rh8 16. Qg7 Rdg8 17. Qf6 Qc5 18. Qf4 Rh5 19. Qxf7 Rhh8 1/2-1/2

[Event "ESP-Tch"]
[Site "Ciudad Real ESP"]
[Date "2004.08.27"]
[Round "5.5"]
[White "Gallego Jimenez, Victoriano"]
[Black "Castellanos, Renier"]
[Result "1/2-1/2"]
[WhiteElo "2368"]
[BlackElo "2439"]
[PlyCount "100"]
[EventDate "2004.08.23"]
[EventType "team"]
[EventRounds "6"]
[EventCountry "ESP"]

1. d4 Nf6 2. Nf3 e6 3. c4 c5 4. d5 d6 5. Nc3 exd5 6. cxd5 g6 7. h3 a6 8. a4 Qe7
9. Bf4 Nbd7 10. Nd2 Ne5 11. e4 Bg7 12. Be2 O-O 13. Bg3 Ne8 14. f4 Nd7 15. O-O
f5 16. exf5 gxf5 17. Nc4 Kh8 18. Re1 Bd4+ 19. Bf2 Bxf2+ 20. Kxf2 Rg8 21. Qd2
Nc7 22. Bf3 Qf6 23. Kf1 Rb8 24. Re6 Qd4 25. Qe2 Nxe6 26. dxe6 Nf6 27. Rd1 Qxf4
28. Nxd6 b5 29. Nd5 Qxd6 30. Nxf6 Qxe6 31. Nxg8 Qxe2+ 32. Bxe2 Kxg8 33. axb5
axb5 34. Rd8+ Kf7 35. Bxb5 Rxb5 36. Rxc8 Ke6 37. Rc7 Kd6 38. Rxh7 Rxb2 39. Rh4
Rc2 40. Rf4 Ke5 41. g3 c4 42. Ke1 c3 43. Rc4 Kd5 44. Rf4 Rh2 45. Kd1 Rxh3 46.
Rxf5+ Kc4 47. Kc2 Rh2+ 48. Kc1 Rg2 49. Rf8 Rg1+ 50. Kc2 Rg2+ 1/2-1/2

[Event "ESP-Tch"]
[Site "Ciudad Real ESP"]
[Date "2004.08.28"]
[Round "6.1"]
[White "Castellanos, Renier"]
[Black "Salas Romero, Santiago"]
[Result "1-0"]
[WhiteElo "2439"]
[BlackElo "2103"]
[PlyCount "107"]
[EventDate "2004.08.23"]
[EventType "team"]
[EventRounds "6"]
[EventCountry "ESP"]

1. e4 c5 2. Nf3 d6 3. d4 cxd4 4. Nxd4 Nf6 5. Nc3 a6 6. Bg5 e6 7. f4 Nc6 8. e5
h6 9. Bh4 dxe5 10. Nxc6 Qxd1+ 11. Rxd1 bxc6 12. fxe5 Nd5 13. Ne4 Rb8 14. b3 g5
15. Bg3 Bb4+ 16. Kf2 O-O 17. Be2 f6 18. exf6 Nxf6 19. Nxf6+ Rxf6+ 20. Bf3 Rb5
21. Rd8+ Rf8 22. Rhd1 Be7 23. Rxf8+ Kxf8 24. Bxc6 Rb6 25. Be4 e5 26. Kg1 Rd6
27. Rxd6 Bxd6 28. Bf2 Ke7 29. Kf1 Bg4 30. c3 a5 31. Ke1 Be6 32. Ke2 Ba3 33. Kd3
Kd6 34. c4 Bb4 35. Be3 Bd7 36. Bd2 Kc5 37. Bc3 Kd6 38. a3 Bxa3 39. Bxa5 Bc5 40.
Bd2 Bg1 41. h3 g4 42. hxg4 Bxg4 43. Bxh6 Bd1 44. b4 Bb3 45. Bd5 Bf2 46. Be3 Be1
47. Bc5+ Kc7 48. g4 Bh4 49. Ke4 Bf6 50. Kf5 Bh8 51. Be7 Bc2+ 52. Be4 Bb3 53. c5
Bc4 54. Bf6 1-0

[Event "Cullera"]
[Site "Cullera ESP"]
[Date "2004.07.20"]
[Round "1.2"]
[White "Garcia Fernandez, Carlos"]
[Black "Castellanos, Renier"]
[Result "1/2-1/2"]
[WhiteElo "2357"]
[BlackElo "2439"]
[PlyCount "90"]
[EventDate "2004.07.20"]
[EventRounds "9"]
[EventCountry "ESP"]
[Source "LesEchecs.com"]
[SourceDate "2003.03.18"]

1. e4 c5 2. Nf3 e6 3. b3 b6 4. d4 cxd4 5. Nxd4 a6 6. Bb2 Bb7 7. Bd3 Nf6 8. Nd2
d6 9. O-O Nbd7 10. f4 Nc5 11. Qe2 Be7 12. Kh1 O-O 13. Rf3 Nxd3 14. cxd3 Re8 15.
Rh3 g6 16. Rf1 Bf8 17. e5 Nd7 18. Nc4 Bd5 19. Nxd6 Bxd6 20. exd6 f6 21. Nc2 Qb8
22. Ne3 Qxd6 23. Ng4 Rf8 24. Qf2 h5 25. Qh4 Kg7 26. Ne3 Rf7 27. f5 exf5 28.
Rxf5 Be6 29. Rxh5 gxh5 30. Rg3+ Kf8 31. Qxh5 Ke7 32. Qe2 Ne5 33. d4 Rh8 34.
dxe5 fxe5 35. Rg5 Rd8 36. Rxe5 Qd3 37. Qe1 Kd7 38. Rxe6 Rdf8 39. Kg1 Kxe6 40.
Nc4+ Kf5 41. g4+ Kg5 42. Bc1+ Kf6 43. Bb2+ Kg5 44. Bc1+ Kf6 45. Bb2+ Kg5
1/2-1/2

[Event "Cullera"]
[Site "Cullera ESP"]
[Date "2004.07.21"]
[Round "2.4"]
[White "Castellanos, Renier"]
[Black "Camarena Gimenez, Rufino"]
[Result "1-0"]
[WhiteElo "2439"]
[BlackElo "2352"]
[PlyCount "39"]
[EventDate "2004.07.20"]
[EventRounds "9"]
[EventCountry "ESP"]
[Source "LesEchecs.com"]
[SourceDate "2003.03.18"]

1. e4 e6 2. d4 d5 3. Nc3 dxe4 4. Nxe4 Bd7 5. Nf3 Bc6 6. Ng3 Nd7 7. Bd3 Ngf6 8.
O-O Bxf3 9. Qxf3 c6 10. Re1 g6 11. Bg5 h6 12. Rxe6+ fxe6 13. Bxg6+ Ke7 14. Nf5+
exf5 15. Re1+ Ne5 16. Rxe5+ Kd6 17. Re6+ Kc7 18. Bxf6 Qd7 19. Be5+ Kd8 20. Re8+
1-0

[Event "Cullera"]
[Site "Cullera ESP"]
[Date "2004.07.22"]
[Round "3.3"]
[White "Hernandez Guerrero, Gilberto"]
[Black "Castellanos, Renier"]
[Result "1/2-1/2"]
[WhiteElo "2502"]
[BlackElo "2439"]
[PlyCount "63"]
[EventDate "2004.07.20"]
[EventRounds "9"]
[EventCountry "ESP"]
[Source "LesEchecs.com"]
[SourceDate "2003.03.18"]

1. e4 c5 2. Nf3 e6 3. d4 cxd4 4. Nxd4 a6 5. Bd3 Bc5 6. Nb3 Be7 7. f4 d6 8. Be3
Nf6 9. Qe2 Nc6 10. N1d2 Nd7 11. O-O O-O 12. c3 b5 13. Rf3 Bb7 14. Raf1 g6 15.
Rh3 Bf6 16. Nf3 Bg7 17. Nbd4 Nf6 18. Nxc6 Bxc6 19. Bd4 Re8 20. Qe1 h5 21. Rg3
Qc7 22. e5 Nh7 23. exd6 Bxd4+ 24. cxd4 Qxd6 25. Qe5 Qxe5 26. Nxe5 h4 27. Rg4
Nf6 28. Rxh4 Bd5 29. g4 Red8 30. f5 exf5 31. gxf5 g5 32. Rh3 1/2-1/2

[Event "Cullera"]
[Site "Cullera ESP"]
[Date "2004.07.25"]
[Round "5.4"]
[White "Granero Roca, Antonio"]
[Black "Castellanos, Renier"]
[Result "1/2-1/2"]
[WhiteElo "2358"]
[BlackElo "2439"]
[PlyCount "54"]
[EventDate "2004.07.20"]
[EventRounds "9"]
[EventCountry "ESP"]
[Source "LesEchecs.com"]
[SourceDate "2003.03.18"]

1. c4 Nf6 2. Nf3 e6 3. Nc3 c5 4. g3 b6 5. Bg2 Bb7 6. O-O Be7 7. Re1 a6 8. e4 d6
9. d4 cxd4 10. Nxd4 Qc7 11. Be3 O-O 12. Rc1 Nbd7 13. h3 Rfe8 14. Qe2 Rac8 15.
b3 Bf8 16. g4 g6 17. Red1 Qb8 18. Qf3 Bg7 19. Nde2 b5 20. Qg3 b4 21. Na4 Bf8
22. f3 Bc6 23. Nb2 Ne5 24. Nf4 Nfd7 25. Nbd3 a5 26. Nxe5 Nxe5 27. Nd3 Nd7
1/2-1/2

[Event "Cullera"]
[Site "Cullera ESP"]
[Date "2004.07.26"]
[Round "6.2"]
[White "Castellanos, Renier"]
[Black "Castella Garcia, Fausto"]
[Result "1-0"]
[WhiteElo "2439"]
[BlackElo "2414"]
[PlyCount "61"]
[EventDate "2004.07.20"]
[EventRounds "9"]
[EventCountry "ESP"]
[Source "LesEchecs.com"]
[SourceDate "2003.03.18"]

1. e4 c5 2. Nf3 e6 3. d4 cxd4 4. Nxd4 a6 5. Bd3 d5 6. exd5 Qxd5 7. O-O Nf6 8.
Nc3 Qd8 9. Be3 Nbd7 10. a4 Be7 11. a5 O-O 12. Nb3 Qc7 13. Qe2 Nc5 14. Nxc5 Bxc5
15. Bxc5 Qxc5 16. Rfd1 Qc7 17. Ne4 Nxe4 18. Qxe4 g6 19. Qc4 Qe5 20. Qb4 Qc7 21.
Be4 Qf4 22. g3 Qg4 23. f3 Qh5 24. f4 Qg4 25. Qd4 Re8 26. Qe5 Qe2 27. Re1 Qc4
28. Rad1 Qb5 29. Qxb5 axb5 30. b4 e5 31. Bf3 1-0

[Event "Cullera"]
[Site "Cullera ESP"]
[Date "2004.07.27"]
[Round "7.5"]
[White "Garcia Roman, Daniel"]
[Black "Castellanos, Renier"]
[Result "1/2-1/2"]
[WhiteElo "2353"]
[BlackElo "2439"]
[PlyCount "89"]
[EventDate "2004.07.20"]
[EventRounds "9"]
[EventCountry "ESP"]
[Source "LesEchecs.com"]
[SourceDate "2003.03.18"]

1. Nf3 Nf6 2. c4 c5 3. Nc3 e6 4. g3 b6 5. Bg2 Bb7 6. O-O Be7 7. b3 a6 8. Bb2 d6
9. d4 cxd4 10. Nxd4 Qc7 11. e3 Nbd7 12. Bxb7 Qxb7 13. Qf3 Qxf3 14. Nxf3 O-O 15.
Nd4 Rfc8 16. Rfd1 Rab8 17. a4 Bf8 18. Rab1 Rb7 19. Nde2 Rbc7 20. h3 h6 21. Kg2
Nc5 22. Ba1 Ncd7 23. g4 Be7 24. Kf3 Nc5 25. Kg2 Rd8 26. Kf3 Rcd7 27. Nd4 Rc8
28. Nde2 Rcd8 29. Nd4 Rc8 30. e4 Rdd8 31. Nde2 Nfd7 32. Kg3 g5 33. Kf3 Bf6 34.
Ke3 Ne5 35. f3 Ng6 36. h4 Be5 37. h5 Nf4 38. Nxf4 Bxf4+ 39. Kf2 Be5 40. Ne2
Bxa1 41. Rxa1 Nxb3 42. Rab1 Nc5 43. Rxb6 Nxa4 44. Rxa6 Rxc4 45. Raxd6 1/2-1/2

[Event "Cullera"]
[Site "Cullera ESP"]
[Date "2004.07.28"]
[Round "8.1"]
[White "Vera, Reynaldo"]
[Black "Castellanos, Renier"]
[Result "1/2-1/2"]
[WhiteElo "2440"]
[BlackElo "2439"]
[PlyCount "131"]
[EventDate "2004.07.20"]
[EventRounds "9"]
[EventCountry "ESP"]
[Source "LesEchecs.com"]
[SourceDate "2003.03.18"]

1. d4 Nf6 2. c4 e6 3. Nc3 Bb4 4. Qc2 O-O 5. e4 d6 6. e5 dxe5 7. dxe5 Ng4 8. Nf3
Nc6 9. Bf4 f5 10. Rd1 Qe7 11. h3 Nh6 12. Bxh6 gxh6 13. a3 Bxc3+ 14. Qxc3 b6 15.
Be2 Bb7 16. O-O Rad8 17. b4 Rxd1 18. Rxd1 Rd8 19. Rd2 Rxd2 20. Qxd2 Kg7 21. g3
a5 22. b5 Nd8 23. Nd4 c5 24. Nc2 Nf7 25. f4 Ba8 26. Ne1 Be4 27. Kf2 Qb7 28. Bh5
Qe7 29. Bf3 Qb7 30. Bxe4 Qxe4 31. Qd3 Qb7 32. Ng2 h5 33. Nh4 Qc8 34. Qd1 Qd8
35. Qxd8 Nxd8 36. Nf3 Kf7 37. Ne1 Ke7 38. Nd3 Nf7 39. Nb2 Kd7 40. Na4 Kc7 41.
Ke3 Nh6 42. Kf3 Kb7 43. Nb2 Kc7 44. Ke3 Kd7 45. Kf2 Kc7 46. Nd3 Kd7 47. Ke3 Ke7
48. Ne1 Kd7 49. Nf3 Nf7 50. Kd3 Ke7 51. Kc3 Kd7 52. Kb3 Ke7 53. Ne1 Nd8 54. Nd3
Kd7 55. Ka4 Nb7 56. Ne1 Nd8 57. Nd3 Nb7 58. Kb3 Nd8 59. Nf2 Nf7 60. Kc2 Nh6 61.
Kd3 Ke7 62. Ke2 Kd7 63. Ke3 Kd8 64. Kf3 Ke7 65. Nd1 Kd7 66. Ne3 1/2-1/2

[Event "Cullera"]
[Site "Cullera ESP"]
[Date "2004.07.29"]
[Round "9.5"]
[White "Castellanos, Renier"]
[Black "Cabrera Pino, Alexis"]
[Result "1/2-1/2"]
[WhiteElo "2439"]
[BlackElo "2534"]
[PlyCount "101"]
[EventDate "2004.07.20"]
[EventRounds "9"]
[EventCountry "ESP"]
[Source "LesEchecs.com"]
[SourceDate "2003.03.18"]

1. e4 e5 2. Nf3 Nc6 3. Bb5 a6 4. Ba4 Nf6 5. O-O b5 6. Bb3 Bc5 7. a4 Rb8 8. c3
d6 9. d4 Bb6 10. a5 Ba7 11. dxe5 Nxe5 12. Nxe5 dxe5 13. Qxd8+ Kxd8 14. Nd2 Ke7
15. Nf3 Be6 16. Bc2 Nd7 17. b3 f6 18. Ba3+ Kf7 19. Rad1 Nc5 20. Rd2 Rhd8 21.
Rfd1 Rxd2 22. Nxd2 Bg4 23. Nf3 Ke8 24. Kf1 Nb7 25. b4 Nd6 26. h3 Bh5 27. g4 Bf7
28. Nd2 Rc8 29. f3 Ke7 30. Bb3 Be3 31. Bxf7 Bxd2 32. Rxd2 Kxf7 33. Rd5 Ke6 34.
Bc1 Nc4 35. Kf2 c6 36. Rd1 c5 37. Be3 Nb2 38. Rd5 cxb4 39. cxb4 Rc3 40. Ke2 Nc4
41. Bc5 Rc2+ 42. Ke1 g6 43. Rd8 Nxa5 44. Rd6+ Kf7 45. Rxa6 Nb3 46. Ra7+ Kg8 47.
Ra8+ Kg7 48. Ra7+ Kg8 49. Ra8+ Kg7 50. Ra7+ Kg8 51. Ra8+ 1/2-1/2